Random Counties of the British Isles on a Map - Statistics

General Stats
  • This quiz has been taken 2,939 times
  • The average score is 9 of 20
Answers on the Map
Answers color-coded by a green-red scale on the quiz's map according to % correct below.
 
Answer Stats
County % Correct
North Yorkshire
90%
Cornwall
89%
Greater London
87%
Essex
82%
Isle of Wight
80%
Kent
80%
Suffolk
80%
Devon
78%
Greater Manchester
75%
Cumbria
73%
Merseyside
73%
Gloucestershire
72%
Lancashire
72%
Norfolk
72%
Cork
71%
Oxfordshire
70%
City of Bristol
69%
Highland
68%
Lincolnshire
68%
Northumberland
68%
Somerset
68%
Tyne and Wear
68%
Cambridgeshire
67%
Rutland
67%
South Yorkshire
67%
West Sussex
67%
West Yorkshire
67%
Dorset
65%
Hampshire
65%
Northamptonshire
65%
Wiltshire
65%
East Riding of Yorkshire
63%
Buckinghamshire
62%
Derry / Londonderry
62%
Surrey
62%
Derbyshire
61%
East Sussex
61%
Isle of Anglesey
61%
Leicestershire
61%
Nottinghamshire
60%
Shetland Islands
60%
Durham
59%
Hertfordshire
59%
Aberdeen City
58%
Cheshire
58%
Dublin
57%
Orkney Islands
56%
West Midlands
56%
Cardiff
55%
Herefordshire
55%
Berkshire
53%
Na h-Eileanan Siar
52%
Bedfordshire
51%
Shropshire
51%
Staffordshire
51%
Waterford
51%
Edinburgh
49%
Aberdeenshire
48%
Worcestershire
48%
Warwickshire
45%
Dumfries and Galloway
42%
Galway
42%
Kerry
42%
Pembrokeshire
42%
Glasgow
41%
Swansea
41%
Clare
39%
Down
39%
Donegal
38%
Dundee City
37%
Scottish Borders
36%
West Lothian
36%
Limerick
35%
Antrim
34%
Mayo
34%
Sligo
34%
Wexford
34%
Ceredigion
32%
Powys
32%
Gwynedd
31%
Newport
31%
Tyrone
30%
East Lothian
29%
Laois
29%
Meath
29%
Tipperary
29%
Argyll and Bute
28%
Armagh
28%
Fife
28%
Kilkenny
28%
Moray
28%
Roscommon
28%
Westmeath
28%
Conwy
27%
Flintshire
27%
Monmouthshire
27%
Wicklow
27%
Monaghan
26%
Perth and Kinross
26%
Vale of Glamorgan
26%
Louth
25%
North Ayrshire
25%
South Ayrshire
25%
Stirling
25%
Wrexham
25%
Angus
24%
Fermanagh
24%
Kildare
24%
Leitrim
23%
Midlothian
23%
Blaenau Gwent
22%
Carlow
21%
Carmarthenshire
21%
Cavan
20%
Rhondda Cynon Taf
20%
East Ayrshire
19%
Longford
19%
Renfrewshire
19%
Merthyr Tydfil
18%
Offaly
18%
Denbighshire
17%
Bridgend
16%
Clackmannanshire
15%
North Lanarkshire
15%
Caerphilly
14%
East Dunbartonshire
14%
Falkirk
14%
Torfaen
14%
Inverclyde
13%
Neath Port Talbot
13%
West Dunbartonshire
13%
South Lanarkshire
11%
East Renfrewshire
8%
No matching quizzes found
Score Distribution
Percent of People with Each Score
Percentile by Number Answered
Your Score History
You have not taken this quiz